000
00271nam a2200085Ia 4500
245
0
_a
Die klein dogterjie wat nie wou grootword nie
100
_a
TADJO, Veronique Auckland Park, South Africa, 2011
_9
46529
942
_c
BK
008
210817s9999 xx 000 0 und d
999
_c
440953
_d
440952